| 000 | 00878nam a2200253 i 4500 | ||
|---|---|---|---|
| 001 | 7371 | ||
| 003 | ES-MaACL | ||
| 005 | 20250818232406.0 | ||
| 007 | t| | ||
| 008 | 901218s1989 sp a |||| | spa d | ||
| 020 | _a84-00-06995-1 | ||
| 080 | _a5/6(0:76) | ||
| 080 | _a76.034(460) | ||
| 110 | 2 |
_aCalcografía Nacional (España) _92350 |
|
| 245 | 1 | 0 |
_aDifusión de la ciencia en la España ilustrada _b: estampas de la Real Calcografía / _cJuan Carrete Parrondo. |
| 250 | _a1ª ed. | ||
| 260 |
_aMadrid : _bConsejo Superior de Investigaciones Cientificas, _c1989. |
||
| 300 |
_a396 p. : _bprincipalmente il. ; _c29 cm. |
||
| 650 | 1 | 4 |
_aIlustración científica- _zEspaña. _9162654 |
| 650 | 4 |
_aGrabado español- _yS.XVIII. _9162655 |
|
| 700 | 1 |
_aCarrete Parrondo, Juan, _d1944-2023 _935710 |
|
| 852 |
_aES-MaACL _jL-14607 _z- enc. tela |
||
| 999 |
_c7371 _d7371 |
||